The World of the New Testament (Record no. 326)

000 -LEADER
fixed length control field 00858nam a2200241 a 4500
001 - CONTROL NUMBER
control field :::00013479$&:&@@
003 - CONTROL NUMBER IDENTIFIER
control field OkBaRHE
005 - DATE AND TIME OF LATEST TRANSACTION
control field 20100323203836.0
008 - FIXED-LENGTH DATA ELEMENTS--GENERAL INFORMATION
fixed length control field s1982 j 000 0 eng u
020 ## - INTERNATIONAL STANDARD BOOK NUMBER
International Standard Book Number 0840758219 (pbk.)
040 ## - CATALOGING SOURCE
Transcribing agency
245 14 - TITLE STATEMENT
Title The World of the New Testament
Statement of responsibility, etc edited by James I. Packer, Merrill C. Tenney, William White, Jr.
260 ## - PUBLICATION, DISTRIBUTION, ETC. (IMPRINT)
Place of publication, distribution, etc Nashville
Name of publisher, distributor, etc T. Nelson Publishers
Date of publication, distribution, etc 1982
300 ## - PHYSICAL DESCRIPTION
Extent 216 p. : ill. ;
Dimensions 21 cm.
490 0# - SERIES STATEMENT
Series statement Nelson handbook series
650 ## - SUBJECT ADDED ENTRY--TOPICAL TERM
Topical term or geographic name as entry element Bible. N.T. History of Biblical events.
650 ## - SUBJECT ADDED ENTRY--TOPICAL TERM
Topical term or geographic name as entry element Bible. N.T. History of contemporary events.
700 ## - ADDED ENTRY--PERSONAL NAME
Personal name Packer, J. I. (James Innell)
700 ## - ADDED ENTRY--PERSONAL NAME
Personal name Tenney, Merrill Chapin, 1904-
700 ## - ADDED ENTRY--PERSONAL NAME
Personal name White, William, 1934-
942 ## - ADDED ENTRY ELEMENTS (KOHA)
Source of classification or shelving scheme
Koha item type Books
Copies
Collection code Damaged status Date last seen Copy number Permanent Location Source of classification or shelving scheme Date acquired Barcode Lost status Not for loan Price effective from Full call number Shelving location Koha item type Withdrawn status
Reference 2018-03-161RHEMA Bible Training College 2010-04-1413479  2010-04-14BS 2410 .W68General StacksBooks